Les meilleurs joueurs sur FIFA 23 - Statistiques

Statistiques générales
  • Ce quiz a été pris 4 205 fois
    1 613 depuis la dernière actualisation
  • Le résultat moyen est 21 sur 30
Statistiques - réponses
Note Joueurs Club % Correct
91 Kylian Mbappé Paris Saint-Germain
99%
91 Lionel Messi Paris Saint-Germain
97%
90 Mohamed Salah Liverpool
94%
91 Karim Benzema Real Madrid
90%
91 Kevin De Bruyne Manchester City
89%
89 Neymar Jr Paris Saint-Germain
88%
90 Cristiano Ronaldo Manchester United
86%
89 Harry Kane Tottenham
86%
91 Robert Lewandowski FC Barcelone
86%
89 Heung-min Son Tottenham
83%
90 Virgil Van Dijk Liverpool
83%
88 Erling Haaland Manchester City
81%
90 Thibaut Courtois Real Madrid
79%
89 Sadio Mané Liverpool
77%
90 Manuel Neuer Bayern Munich
75%
88 Luka Modrić Real Madrid
74%
89 Alisson Liverpool
73%
88 Toni Kroos Real Madrid
70%
88 Gianluigi Donnarumma Paris Saint-Germain
67%
88 Marquinhos Paris Saint-Germain
64%
89 Ederson Manchester City
63%
89 Joshua Kimmich Bayern Munich
63%
88 Bernardo Silva Manchester City
61%
89 Jan Oblak Atletico Madrid
58%
88 Rúben Dias Manchester City
58%
88 Marc-André ter Stegen FC Barcelone
55%
89 Casemiro Manchester United
48%
89 N'Golo Kanté Chelsea
48%
88 Keylor Navas Paris Saint-Germain
26%
88 João Cancelo Manchester City
20%
Aucun quiz correspondant
Distribution des résultats
% des personnes avec chaque résultat
Percentile par nombre de réponses
Votre historique - résultats
Vous n’avez pas pris ce quiz depuis la dernière actualisation